00490 2200193 4500001002100000005001500021008004100036020002200077035001900099041000700118082001100125090001700136100001500153700001800168245003300186260002900219300001900248650002900267INLIS00000000001574320241224115007241224||||||||| | ||| |||| || |  a978-979-033-187-7 0010-1224015743 aid0 a621.36 a621.36 JOH s0 aJohn Crisp0 aBARRY ELLIOTT00aSERAT OPTIK SEBUAH PENGANTAR aJakartabErlangga.c2012 a278hlm;16x24cm 0aIlmu Teknik (Enjiniring)